000 00733nam a2200217Ia 4500
003 GCL
008 140319s9999 xx 000 0 ara d
020 _a0127614977
040 _aGCL /
_cGCL
082 0 4 _a814.008
_bا و
100 1 _aانيس منصور
245 1 0 _aولكنى اتأمل /
_cانيس منصور
250 _aالاولى
260 _aالقاهرة :
_bنهضة مصر للطباعة والنشر والتوزيع ،
_c1996
300 _a162 ص ؛
_c19 سم
490 _aالهيئة العامة للاستعلامات
_v0
650 0 4 _aالادب العربى - مقالات
650 0 4 _aالمقالات - مجموعات
650 0 4 _aالمقالات العربية - مصر
942 _2ddc
_cBK
999 _c49324
_d49324